Charlotte Flair's WrestleMania Opponents - Statistics

General Stats
  • This quiz has been taken 142 times
    58 since last reset
  • The average score is 11 of 12
Answer Stats
WrestleMania Opponent % Correct
WrestleMania 32 Becky Lynch
96%
WrestleMania 35 Becky Lynch
96%
WrestleMania 32 Sasha Banks
96%
WrestleMania 33 Sasha Banks
96%
WrestleMania 36 Rhea Ripley
94%
WrestleMania 39 Rhea Ripley
94%
WrestleMania 33 Bayley
92%
WrestleMania 35 Ronda Rousey
92%
WrestleMania 38 Ronda Rousey
92%
WrestleMania 41 Tiffany Stratton
88%
WrestleMania 34 Asuka
86%
WrestleMania 33 Nia Jax
69%
No matching quizzes found
Score Distribution
Percent of People with Each Score
Percentile by Number Answered
Your Score History
You have not taken this quiz since the last reset